| 000 | 00365nam a2200157Ia 4500 | ||
|---|---|---|---|
| 008 | 210210b1875 xxu||||| |||| 00| 0 eng d | ||
| 041 | _aeng | ||
| 082 | _a823/132 | ||
| 100 | _aSHAKESPEARE (William) | ||
| 245 | _aKing Lear | ||
| 260 |
_aOxford _bAt the Clarendon Press _c1875 |
||
| 650 | _aLear | ||
| 650 | _aKing | ||
| 690 | _aEnglish Drama | ||
| 906 | _a013683 | ||
| 999 |
_c132696 _d132696 |
||